00606nam a2200205 4500003000400000005001700004008004100021020001500062040001800077050001600095100004700111245006300158264005900221300001800280336002200298337002400320338002400344942001500368999001700383OSt20260530115309.0260506b |||||||| |||| 00| 0 eng d a 853313687 aICIbspacICI aNA997b.G651 a Gollins Melvin Ward Partnership UK93260310aArchiteture of the Gollins Melvin Ward Partnership • GMW 1bLund Humphries Publishers Londonc1974aGran Bretaña a147 páginas atexto2rdacontent asin medio2rdamedia avolumen2rdacarrier 2ddccBKn1 c13277d13277